000
00336nam a2200145Ia 4500
008
191201s2005 xx 000 0 und d
082
_a
537
_b
SAE
100
_a
SADIKU, Matheuo, N O
245
0
_a
Elements of Electromagnetics
250
_a
3rd
260
_a
USA
_b
OUP
_c
2005
300
_a
765
650
_a
B.Tech(ECE)
942
_2
ddc
_c
BK
999
_c
1307
_d
1307